000 00508cam a2200181ua 4500
020 _a81 7169 259 1
_c325.00
041 _aeng
_h
082 _a631.587
_bBHA/IN
100 _aBhawan, B D .
245 _aIndian water resource development for irigation: issues critics reviews /
_cB D Bhawan.
_hTextual Documents
250 _a1 /
_b.
260 _aNew Delhi :
_bCommonwealth Publishers ,
_c1993.
300 _a277 ; .
365 _a325.00
504 _a
942 _cBK
999 _c7281
_d7281